000 03505nam a2200781 4500
003 AR-RoUNA
005 20250404102735.0
008 250326b |||||||| |||| 00| 0 spa d
040 _aAR-RoUNA
_bspa
_dAR-RoUNA
041 _afre
044 _aag
100 _aRichter, Monique
_926997
245 _aLe quartier et l'unite de voisinage a l'ile de la Reunion.
_bPour une prise en compte des identites culturelles dans le domaine de l'amenagement.
246 _aEl barrio y la unidad vecinal en la Isla de la Reunión.
_bPor tener en cuenta las identidades culturales en el ámbito de la planificación.
300 _a88 p.
_bfot. byn.
_bCuadros
_c21x30 cm.
504 _ap. 88
505 _tINTRODUCCION
505 _tAPROXIMACION TEORICA PREVIA AL TRABAJO DE CAMPO
505 _tA. LA SOCIEDAD DE REUNIONES
505 _aLa estructura de la sociedad y habitación criolla original. p. 9
505 _aDepartamentalización. p. 10
505 _aLos diferentes componentes étnicos de la sociedad criolla. p. 12
505 _aConclusión. p. 20
505 _tB. MEZCLA SOCIAL EN EL PANORAMA DE LA REUNIÓN
505 _tEL LUGAR DE OBSERVACIÓN: EL DISTRITO CENTRAL DE CARRETERAS DEL MUNICIPIO DE SAINT-ANDRE
505 _tA. ANALISIS DEL ESPACIAL Y URBANO
505 _aUbicación y estructura del barrio. p. 25
505 _aLa trama. p. 28
505 _aDensidad de edificación. p. 29
505 _aEl estado del edificio. p. 29
505 _aEl tratamiento de los límites del espacio exterior de la vivienda y los tipos de acceso. p. 30.
505 _aLo que está pasando afuera, en el barrio. p. 32
505 _aLa importancia de la religión. p. 35
505 _aConclusión. p. 36
505 _tB. ENCUESTAS REALIZADAS EN LA ZONA DE CHEMIN DU CENTER
505 _aResúmenes del análisis de las encuestas. p. 37
505 _aConclusión. p. 39
505 _tENTREVISTAS NO DIRECTIVAS, INTERPRETACIÓN
505 _tA. INTERPRETACIÓN GENERAL DE TODAS LAS ENTREVISTAS
505 _aLa familia. p. 44
505 _aEl habitat. p. 45
505 _aEl barrio. p. 48
505 _aEvolución en Reunión desde la departamentalización. p. 51
505 _aLa sociedad del reencuentro hoy. p. 54
505 _aDiversidad social en la vivienda. p. 62
505 _aUn nuevo barrio. p. 63
505 _aResumen del análisis de las entrevistas. p. 65
505 _tB. LA ENTREVISTA CON MONSIEUR E.
505 _tPOR UN DESARROLLO ADAPTADO AL CONTEXTO ACTUAL DE LA REUNION
505 _tA. EL PROYECTO DE DESARROLLO
505 _aAlojamiento. p. 76
505 _aLa operación de desarrollo vecinal. p. 77
505 _tB. ACCIONES DE APOYO
505 _aApoyo en el sector económico. p. 80
505 _aApoyo en el sector social. p. 80
505 _aSoporte espacial. p. 82
505 _aMejorar la seguridad en los barrios. p. 82
505 _aUn puesto de director de proyectos. p. 83
505 _aANEXO: Cuestionario utilizado para la realización de las encuestas. p. 85
610 _aUnesco.
_bOrganización de las Naciones Unidas para la Educación, La Ciencia y la Cultura
_927014
650 _aUrbanismo
811 _awowwwwww
_927000
830 _aEtablissements Humanis et Environnement Socio-culturel
_n53
_926998
908 _aImp
942 _2udc
_cLIB
945 _d2025-03-26
980 _65
_aMaría Machado
_85
_gMaría Machado
999 _c11877
_d11877